| 000 | 00744cam a2200265 i 4500 | ||
|---|---|---|---|
| 001 | 200461041 | ||
| 003 | TR-AnTOB | ||
| 005 | 20241125164747.0 | ||
| 007 | ta | ||
| 008 | 070711b tu $r01601 $$$$ 01tu 6tur u | ||
| 040 |
_aTR-AnTOB _beng _erda _cTR-AnTOB |
||
| 041 | 0 | _atur | |
| 044 | _ctu | ||
| 060 | _aW 20 | ||
| 096 |
_aW 20 _bS522 TıpFaK |
||
| 100 | 1 |
_aSezer, Rauf _9145799 _eauthor |
|
| 245 | 1 | 0 |
_aEv doktoru / _cDr. Rauf Sezer. |
| 264 | 3 |
_aİstanbul ; _bYedigün Matbaası, _c[date of publication not identified] |
|
| 300 |
_a122 pages : _billustrations ; _c13 cm |
||
| 336 |
_atext _btxt _2rdacontent |
||
| 337 |
_aunmediated _bn _2rdamedia |
||
| 338 |
_avolume _bnc _2rdacarrier |
||
| 942 |
_2lcc _cBK |
||
| 999 |
_c200461041 _d79253 |
||